01949agaaa2200289 45000010005000000030009000050050017000140070009000310080040000400400023000800410013001031000047001161300011001632450150001742500022003242600139003463000034004855080137005195110087006565200655007435380016013985460013014146500059014277000058014867000059015447000056016037208IT-RoPAU20220918181250.0d cvaizq50131s9999||||xx ||| | || ||und|| aIT-RoPAUcIT-RoPAU aITALIANO aSchepisi FredgCodice regista SPICS: 58863 aPLENTY aPLENTYcProdotto da: Pressman E. Rapp J. -- Sceneggiatura: Hare David -- Diretto da: Schepisi FredpPLENTY (Rif. Codice opera principale : H7208) aEdizione Standard a(UK - USA)bRKO PICTURES - EDWARD R. PRESSMAN PRODUCT / Distribuzione: LIBRERIA ARIONg"1985 (1° ed.: 2007 ; Ed. Lingua Orig.: 1985)" aDVDbsonoro, col.c119 minuti a"Fotografia: Baker Ian; Montaggio: Honess Peter; Musica: Smeaton Bruce; Sceneggiatura: Hare David; Scenografia: Macdonald Richard; " a"Streep Meryl; Dance Charles; Ullman Tracey; Gielgud John; Mckellen Ian; Neil Sam" aPLENTY E' LA TORMENTATA ED INTENSA STORIA DI SUSAN TRAHERNE, EX AGENTE SEGRETO PER LA RESISTENZA FRANCESE NEI TYERRITORI DELLA FRANCIA OCCUPATA DAI TEDESCHI, DAL DOPOGUERRA SINO AGLI ANNI SESSANTA. FINITA LA GUERRA E FINITA UNA BREVE RELAZIONE CON UN SOLDATO, SUSAN, DONNA INTRAPRENDENTE E VOLITIVA,PASSA DA UN'AVVENTURA SENTIMENTALE ALL'ALTRA, MA LA SUA VITA SI DISGREGA LENTAMENTE QUANDO NON RIESCE AD AVERE UN FIGLIO E SPOSA IL DIPLOMATICO RAYMOND BROCK. MA IL MATRIMONIO E' INFELICE E SUSAN E' COSTANTEMENTE IN PREDA ADATTEGGIAMENTI ASSURDI E PARADOSSALI, SINTOMI DI UNA MALATTIA MENTALE CHE SI AFFACCIA. CONTENUTI EXTRA: TRAILER CINEMATOGRAFICO. aPAL, STEREO aITALIANO aDRAMMATICOeDVD-FILM [DVD]xCodice MATERIA SPICS: 9947 aHare David e(soggetto)gCodice Soggetto SPICS: 14838 aSchepisi Fred e(regista)gCodice regista SPICS: 58863 aSmeaton Brucee(musica)gCodice Musica SPICS: 58864